000 00564cam a2200205 4500
001 M93551
008 090401t1977 xxu||||| |||| 00| 0 eng d
035 _a(Sirsi) u88131
041 _aeng
050 _a332.6324
110 _aAllsop and Co
_92757
245 4 _aThe Allsop schedule of investment yields 1929/1976.
260 _aLondon
_bAllsop and Co
_c1977
300 _a3p. ; 30cm.
350 _a0
650 _aINVESTMENT YIELDS
690 _aPROPERTY-COMMERCIAL PROPERTY-COMMERCIAL PROPERTY FINANCE AND INVESTMENT
942 _n0
948 _c25/08/1998
999 _c97294
_d97294